| 000 | 00000nas##2200000za#4500 |
|---|---|
| 001 | 9.514896 |
| 003 | CaOODSP |
| 005 | 20200331215513 |
| 007 | ta |
| 008 | 150406c1996||||xxc|| m #||||f| |0eng|d |
| 040 | |aCaOODSP|beng |
| 043 | |an-cn--- |
| 086 | 1 |aSC94-57E |
| 110 | 1 |aCanada.|bCanadian Centre for Management Development. |
| 245 | 10|aExplorations |
| 260 | |aOttawa - Ontario : |bCanadian Centre for Management Development |
| 563 | |aSpiral binding |
| 775 | 08|tExplorations : |w(CaOODSP)9.509632 |
| 775 | 08|tExplorations : |w(CaOODSP)9.509633 |
| 775 | 08|tExplorations |w(CaOODSP)9.513230 |
| 776 | 0#|tExplorations |w(CaOODSP)9.506894 |